Hipomanzáfara

Guardat en:
Dades bibliogràfiques
Autor principal: Palomas del Río, Francisca (autora)
Format: Llibre
Idioma:espanyol
Publicat: Santiago Lom 2012
Edició:1a. ed
Matèries:
Etiquetes: Afegir etiqueta
Sense etiquetes, Sigues el primer a etiquetar aquest registre!

MARC

LEADER 00000cam a2200000 a 4500
001 UCF4350
003 CL-VaPUC
008 121130e20120000CL |||||||||||||||||spa|d
020 |a 9789560003195 
082 0 4 |a 8  |b PAL  |2 21 
100 |a Palomas del Río, Francisca  |e autora  |9 565866 
245 1 0 |a Hipomanzáfara 
250 |a 1a. ed 
300 |a pág. irreg 
942 |c BK 
945 |d 20121130 00:00:00  |a dcastane 
260 |a Santiago  |b Lom  |c 2012 
650 0 |a Libros infantiles  |9 389584 
583 |a last modification  |c 20121204 11:35:59  |k Rodrigo Vera 
999 |c 350157  |d 350155 
952 |0 0  |1 0  |4 0  |6 8_000000000000000_PAL_2012  |7 0  |8 C  |9 453356  |a BIBCUR  |b BIBCUR  |d 2019-11-22  |i 4930878  |l 2  |o 8 PAL 2012  |p 4930878  |r 2025-04-22  |s 2024-09-10  |w 2019-11-22  |y BK  |k INF